| 000 | 00547nam a2200217Ia 4500 | ||
|---|---|---|---|
| 005 | 20250425162456.0 | ||
| 008 | 250425s9999 xx 000 0 und d | ||
| 020 | _a9780136084969 | ||
| 041 | _aeng | ||
| 082 | _a003 | ||
| 100 | _aVALACICH, JOSEPH S. | ||
| 245 | 0 | _aESSENTIALS OF SYSTEMS ANALYSIS AND DESIGN | |
| 250 | _a4TH ED. | ||
| 260 |
_aEstados Unidos _bPEARSON EDUCATION _c2009 |
||
| 260 | _aUPPER SADDLE RIVER | ||
| 300 | _a432 | ||
| 650 | _aSISTEMAS-ANALISIS | ||
| 650 | _aSISTEMAS-DISEÑO | ||
| 942 | _c01 | ||
| 010 | _a76602 | ||
| 999 |
_c230023 _d230023 |
||